000 00714nam a2200217Ia 4500
003 OSt
005 20220925210450.0
006 a|||||r|||| 00| 0
007 ta
008 220923b |||||||| |||| 00| 0 eng d
037 _cGeneral Book
040 _aRTL
_cRTL
_beng
041 _2eng
_aeng
082 _aY:5.2sN81, M1
100 _aCensus of India, 1981
245 0 _aNegative aspects of urbanisation
_b A study on the civic and other amenities available in notified slums of class I & II towns India
260 _aIndia
_bGovt. Press
_c1981
500 _aOccasional paper no. 3 of 1988
942 _hY:5.2sN81, M1
_cGB
_2CC
999 _c555158
_d555158